| 000 | 00482nam a22001697a 4500 | ||
|---|---|---|---|
| 005 | 20250221225012.0 | ||
| 008 | 250221b |||||||| |||| 00| 0 eng d | ||
| 020 | _a8123911343 | ||
| 050 | _aRE991 BIS | ||
| 100 | _aBiswas, N. R. | ||
| 245 |
_aOcular Therapeutics/ _cN. R. Biswas & Viney Gupta |
||
| 250 | _a2nd ed. | ||
| 260 |
_aNew Delhi _bCBS Publishers & Distributors _c2004 |
||
| 300 |
_axii. 171p. _bsome color _c22.5cm |
||
| 700 | _aGupta, Viney | ||
| 942 |
_2lcc _cBK _e2nd ed. _n0 |
||
| 999 |
_c4110 _d4110 |
||